000 00987nam a2200301Ia 4500
001 35423
003 IT-RoPAU
008 130308s9999 xx 000 0 und d
040 _aIT-RoPAU
040 _cIT-RoPAU
041 _aITALIANO
100 _aCarloni Augusto
100 _gCodice Aut. SPICS: 16808
245 _aTitina de Filippo-Vita di una donna di teatro
245 _bTitina de Filippo-Vita di una donna di Teatro
250 _a1a ed.
260 _aMILANO
260 _bRusconi
260 _c1984 [1° Ed.:1984 - Ed.Ling.Originale:1984]
300 _a"220 p. (prefazione: no ; testo: 220)"
500 _aBiografia di Titina De Filippo Attrice Interprete famosa di Celebri commedie Come Filumena Marturano Ansie Preoccupazioni Gioie e Sconforti di una donna Elenco commedie e Film Interpretati da Titina De Filippo
650 _aAUTORI/OPERE DI TEATRO
650 _eCodice materia Spics: 8407
942 _cBK
957 _71
999 _c75327
_d75327
999 _bSI
999 _g1